| 000 | 01536cam a22002773a 4500 | ||
|---|---|---|---|
| 001 | 326 | ||
| 003 | PGUSA | ||
| 005 | 20140828082946.0 | ||
| 008 | 950901s1995||||xxu|||||s|||||000 | eng d | ||
| 040 |
_aPGUSA _beng |
||
| 042 | _adc | ||
| 050 | 4 | _aF590.3 | |
| 100 | 1 |
_aMuir, John, _d1838-1914 |
|
| 245 | 1 | 0 |
_aSteep Trails : _bCalifornia, Utah, Nevada, Washington, Oregon, the Grand Canyon _h[electronic resource] / _cJohn Muir |
| 260 |
_bProject Gutenberg, _c1995 |
||
| 505 | 0 | _aWild wool -- A geologist's winter walk -- Summer days at Mount Shasta -- A perilous night on Shasta's summit -- Shasta rambles and Modoc memories -- The city of the Saints -- A great storm in Utah -- Bathing in Salt Lake-- Mormon lilies -- The San Gabriel Valley -- The San Gabriel Mountains -- Nevada farms -- Nevada forests -- Nevada's timber belt -- Glacial phenomena in Nevada -- Nevada's dead towns -- Puget Sound -- The forests of Washington --People and towns of Puget Sound -- An ascent of Mount Rainier -- The physical and climatic characteristics of Oregon -- The forests of Oregon and their inhabitants -- The rivers of Oregon -- The Grand Canyon of the Colorado. | |
| 506 | _aPublic domain in the USA. | ||
| 516 | _aElectronic text | ||
| 653 | _aWest (U.S.) -- Description and travel | ||
| 653 | _aForests and forestry -- West (U.S.) | ||
| 653 | _aShasta, Mount (Calif. : Mountain) | ||
| 700 | 1 |
_aBadè, William Frederic, _d1871-1936 |
|
| 830 | 0 |
_aProject Gutenberg _v326 |
|
| 856 | 4 | 0 | _uhttp://www.gutenberg.org/ebooks/326 |
| 942 | _cEB | ||
| 999 |
_c229677 _d229677 |
||